Nalogovaja sistema Slovakii v period transformacii ekonomiki: sostojanije i napravlenija razvitija

Salvato in:
Dettagli Bibliografici
Autore principale: Gonda, Vladimír
Natura: Capitolo di libro
Lingua:russo
Tags: Aggiungi Tag
Nessun Tag, puoi essere il primo ad aggiungerne!!

MARC

LEADER 00000naa$a2200000$$$4500
001 0112588
005 20240502083259.6
041 0 |a rus 
044 |a RU 
245 1 0 |a Nalogovaja sistema Slovakii v period transformacii ekonomiki: sostojanije i napravlenija razvitija  |c Vladimír Gonda 
100 1 |a Gonda, Vladimír